Online Catalogue and eLibrary

Navalar patti kailasapathy (Record no. 4033)

MARC details
000 -LEADER
fixed length control field 00393nam a2200157Ia 4500
005 - DATE AND TIME OF LATEST TRANSACTION
control field 20250316151812.0
008 - FIXED-LENGTH DATA ELEMENTS--GENERAL INFORMATION
fixed length control field 240331s9999 xx 000 0 und d
020 ## - INTERNATIONAL STANDARD BOOK NUMBER
ISBN 9559429744
082 ## - DDC Classification
Item Number - Author Mark KAI
Class No. 894
100 ## - MAIN ENTRY--PERSONAL NAME
Personal name Kailasapathy, K
245 #0 - TITLE STATEMENT
Title Navalar patti kailasapathy
260 ## - PUBLICATION, DISTRIBUTION, ETC.
Place of publication, distribution, etc. Chennai
Name of publisher, distributor, etc. Kumaran Book House
Date of publication, distribution, etc. 2005
300 ## - PHYSICAL DESCRIPTION
Extent (e.g. Volumes, Pages etc.) 115 p .,
500 ## - GENERAL NOTE
General note A book about Navalar
942 ## - Koha item type (Biblio)
Koha item type Books in Stacks (Lending)
Holdings
Lost status Damaged status Collection code Home library Current library Shelving location Date acquired Full call number Accession Number Item type
    Lending WERC Library WERC Library Social Science Cupboard 03/31/2024 894.811 KAI 5490 Books in Stacks (Lending)

© WERC Library